000 00730nam a2200301Ia 4500
001 30669
003 96375
005 20240712161133.0
008 ||||||n9999 ||| || ||
041 _aspa
082 _219
_a330101
100 1 _aSamuelson, Paul Anthony
_d1915-2009
_95618
245 0 _aGuia de estudio y libro de ejercicios del curso de economia moderna
250 _a4ed
260 _aEspaƱa :
_bAguilar,
_c1972.
300 _a648p
490 _aBiblioteca de ciencias sociales. Seccion primera economia
562 _e1
942 _cBKM
942 _cBKM
999 _c30669
_d30669
526 _a116204
526 _a4969
526 _a19790
526 _a104436
526 _a5144
526 _a51868
526 _a1697